El cruce Usos y comportamiento ciudadano en el espacio público (Registro nro. 25192)

Detalles MARC
000 -ENCABEZADO
Número de control [NR] 01211nam a2200301Ia 4500
008 - DE LONGITUD FIJA DE DATOS DE ELEMENTOS - INFORMACIÓN GENERAL
Elementos de longitud fija [NR] 130821s1998 ck gr spa
040 ## - FUENTE DE CATALOGACION [NR]
Agencia de catalogación original [NR] Co-BoUCM
Idioma de catalogación [NR] spa
041 00 - CODIGO DE IDIOMA [R]
Código de idioma para texto/pista de sonido o título separado [R] Español
110 1# - ASIENTO PRINCIPAL--NOMBRE CORPORATIVO [NR]
Nombre corporativo o de jurisdicción como elemento de entrada [NR] Corporación Centro de Estudios, Investigación y Conocimiento Social. CEICOS
ID de autoridad 157140
245 13 - MENCION DE TITULO [NR]
Título [NR] El cruce Usos y comportamiento ciudadano en el espacio público
Mención de responsabilidad, etc. [NR] Corporación Centro de Estudios, Investigación y Comunicación Social. CEICOS
250 ## - MENCION DE EDICION [NR]
Mención de edición [NR] 1a. ed
260 ## - PUBLICACION, DISTRIBUCION, ETC. (PIE DE IMPRENTA) [R]
Lugar de publicación, distribución, etc. [R] Bogotá (Cundinamarca, Colombia)
Nombre del editor, distribuidor, etc. [R] CEICOS
Fecha de publicación, distribución, etc. [R] 1998
300 ## - DESCRIPCION FISICA [R]
Extensión [R] 135 páginas
490 ## - MENCION DE SERIE [R]
Mención de serie [R] Cuadernos del Observatorio
504 ## - NOTA DE BIBLIOGRAFIA, ETC. [R]
Nota de bibliografía, etc. [NR]
650 04 - ASIENTO SECUNDARIO DE MATERIA - TERMINO TEMATICO [R]
Término temático o nombre geográfico como elemento de entrada [NR] Investigaciones
9 (RLIN) 18013
650 04 - ASIENTO SECUNDARIO DE MATERIA - TERMINO TEMATICO [R]
Término temático o nombre geográfico como elemento de entrada [NR] Peatones
9 (RLIN) 21208
650 04 - ASIENTO SECUNDARIO DE MATERIA - TERMINO TEMATICO [R]
Término temático o nombre geográfico como elemento de entrada [NR] Peatones
Subdivisión general [R] Investigaciones
Subdivisión geográfica [R] Bogotá (Colombia)
9 (RLIN) 21208
650 04 - ASIENTO SECUNDARIO DE MATERIA - TERMINO TEMATICO [R]
Término temático o nombre geográfico como elemento de entrada [NR] Puentes para peatones
9 (RLIN) 22934
650 04 - ASIENTO SECUNDARIO DE MATERIA - TERMINO TEMATICO [R]
Término temático o nombre geográfico como elemento de entrada [NR] Sociología urbana
9 (RLIN) 24816
650 04 - ASIENTO SECUNDARIO DE MATERIA - TERMINO TEMATICO [R]
Término temático o nombre geográfico como elemento de entrada [NR] Sociología urbana
Subdivisión general [R] Investigaciones
9 (RLIN) 24816
650 04 - ASIENTO SECUNDARIO DE MATERIA - TERMINO TEMATICO [R]
Término temático o nombre geográfico como elemento de entrada [NR] Sociología
9 (RLIN) 386
651 #7 - ASIENTO SECUNDARIO DE MATERIA - NOMBRE GEOGRAFICO [R]
Nombre geográfico [NR] Bogotá (Colombia)
9 (RLIN) 457
700 1# - ASIENTO SECUNDARIO - NOMBRE PERSONAL [R]
Nombre personal [NR] Santafé de Bogotá. Instituto Distrital de Cultura
9 (RLIN) 120542
700 1# - ASIENTO SECUNDARIO - NOMBRE PERSONAL [R]
Nombre personal [NR] Santafé de Bogotá. Observatorio de Cultura
9 (RLIN) 157141
942 ## - ELEMENTOS DE ENTRADA AGREGADOS (KOHA)
Tipo de ítem principal el descrito en 300a Libro
Tema principal Sociología
Edición 1
Parte restante de la signatura top. C67
Sistema de clasificación DEWEY
Clasificación 304.23
Existencias
Fecha de último préstamo Total préstamos Total Renewals Signatura topográfica Código de barras Última vez visto Volúmen / Fascículo Ejemplar Price effective from Tipo de ítem Perdido Sistema de clasificación Dañado No prestable Tipo de ítem específico Suprimido Ubicación habitual Ubicación actual Localización Fecha de creación Forma de adquisición Costo
27/01/2017 6 2 304.23 C67 100048540 09/12/2025 1A. ED Ej.1 03/02/2013 Libro   DEWEY     Libro   Claustro Claustro 2do piso 28/02/2003 Compra 13000.00